| 000 | 00778cab a2200229 4500 | ||
|---|---|---|---|
| 001 | ABS55259 | ||
| 008 | 090401t xxu||||| |||| 00| 0 eng d | ||
| 035 | _a(Sirsi) u15234 | ||
| 041 | _aeng | ||
| 245 | 4 | _aThe citizen`s network. Fulfilling the potential of public passenger transport in Europe | |
| 300 | _aLoan | ||
| 350 | _a0 | ||
| 490 |
_aBulletin of the European Union _vSupplement 4/95 (57) |
||
| 520 | _aText of the green paper policy document on the future of public passenger transport provision in Europe, issued by the European Commission for comment. | ||
| 650 | _aCITIZENS NETWORK | ||
| 650 | _aEUROPEAN UNION | ||
| 650 | _aTRANSPORT POLICY | ||
| 690 | _aEUROPE-SINGLE MARKET | ||
| 690 | _aTRANSPORT AND COMMUNICATIONS | ||
| 942 | _n0 | ||
| 948 | _c04/03/1997 | ||
| 999 |
_c9968 _d9968 |
||